000 01546nam a2200373 a 4500
001 ebr10670959
003 CaPaEBR
006 m u
007 cr cn|||||||||
008 101104s2011 nyuab sb 001 0 eng d
010 _z 2010046997
020 _z9781611228632 (hbk. : alk. paper)
020 _z1611228638 (hbk. : alk. paper)
020 _z9781613247389 (e-book)
040 _aCaPaEBR
_cCaPaEBR
035 _a(OCoLC)758387533
050 1 4 _aHM1271
_b.D5819 2011eb
082 0 4 _a658.3008
_222
245 0 0 _aDiversity management
_h[electronic resource] :
_btheoretical perspectives and practical approaches /
_cSheying Chen, editor.
260 _aNew York :
_bNova Science Publishers,
_cc2011.
300 _axviii, 210 p. :
_bill., maps.
490 1 _aManagement science--theory and applications
504 _aIncludes bibliographical references and index.
505 0 _apt. 1. Perspectives on diversity -- pt. 2. Approaches to diversity.
533 _aElectronic reproduction.
_bPalo Alto, Calif. :
_cebrary,
_d2013.
_nAvailable via World Wide Web.
_nAccess may be limited to ebrary affiliated libraries.
650 0 _aMulticulturalism.
650 0 _aCultural pluralism.
650 0 _aDiversity in the workplace.
655 7 _aElectronic books.
_2local
700 1 _aChen, Sheying.
710 2 _aebrary, Inc.
830 0 _aManagement science--theory and applications series.
856 4 0 _uhttp://site.ebrary.com/lib/rucke/Doc?id=10670959
_zAn electronic book accessible through the World Wide Web; click to view
999 _c161458
_d161458